000
00266 a2200085 4500
020
_a
978-1412979429
100
_a
David M. Newman (Editor), Jodi A. O'Brien
245
_a
Sociology: Exploring the Architecture of Everyday Life Readings
260
_b
Sage Publications
_c
2009
999
_c
13123
_d
13123